| 000 | 00404nam a22001697a 4500 | ||
|---|---|---|---|
| 005 | 20160528093729.0 | ||
| 008 | 160528b xxu||||| |||| 00| 0 eng d | ||
| 020 | _a981-243-105-5 | ||
| 041 | _aeng | ||
| 082 | _b5593 | ||
| 100 |
_aNewmani Andrew J& Other _91414 |
||
| 245 | _aRetailing Environment & Operations | ||
| 260 |
_bThomson _c2002 |
||
| 300 | _a483 | ||
| 650 |
_aManagement _9241 |
||
| 942 | _cBK | ||
| 999 |
_c2002 _d2001 |
||